Know your GM crops (Record no. 117529)
[ view plain ]
| 000 -LEADER | |
|---|---|
| fixed length control field | 01380cam a2200253 4500 |
| 001 - CONTROL NUMBER | |
| control field | ABS@61468 |
| 008 - FIXED-LENGTH DATA ELEMENTS--GENERAL INFORMATION | |
| fixed length control field | 040617n2004 000 0 eng u |
| 035 ## - SYSTEM CONTROL NUMBER | |
| System control number | (Sirsi) u126494 |
| 100 ## - MAIN ENTRY--PERSONAL NAME | |
| Personal name | Kearns, P. |
| 245 ## - TITLE STATEMENT | |
| Title | Know your GM crops |
| 260 ## - PUBLICATION, DISTRIBUTION, ETC. | |
| Date of publication, distribution, etc. | 2004 |
| 490 ## - SERIES STATEMENT | |
| Series statement | Observer |
| Volume/sequential designation | (243) May 2004, 40(1) |
| 520 ## - SUMMARY, ETC. | |
| Summary, etc. | Briefly considers the increase in the cultivation of genetically engineered crops. Increasingly, crops such as maize, soybean, rapeseed and cotton are being approved for use in more countries. However, different national authorities can have different names and descriptions for the same product which can cause problems when sharing information. The Organisation for Economic Co-operation and Development has published guidance on developing unique identifiers for transgenic plants which is available at www.oecd.org/scripts/biotech/. The guidance also provides information on the safety of genetically modified organisms which are in commercial use. |
| 590 ## - LOCAL NOTE (RLIN) | |
| Local note | ABS |
| 590 ## - LOCAL NOTE (RLIN) | |
| Local note | ABS |
| 650 ## - SUBJECT ADDED ENTRY--TOPICAL TERM | |
| Topical term or geographic name entry element | GENETICALLY MODIFIED ORGANISMS |
| 650 ## - SUBJECT ADDED ENTRY--TOPICAL TERM | |
| Topical term or geographic name entry element | BIOTECHNOLOGY |
| 650 ## - SUBJECT ADDED ENTRY--TOPICAL TERM | |
| Topical term or geographic name entry element | GENETICALLY MODIFIED CROPS |
| 690 ## - LOCAL SUBJECT ADDED ENTRY--TOPICAL TERM (OCLC, RLIN) | |
| Topical term or geographic name as entry element | RURAL-AGRICULTURE AND FORESTRY |
| 700 ## - ADDED ENTRY--PERSONAL NAME | |
| Personal name | Miyazako, M. |
| 856 ## - ELECTRONIC LOCATION AND ACCESS | |
| Uniform Resource Identifier | <a href="https://www.oecd.org/scripts/biotech/">https://www.oecd.org/scripts/biotech/</a> |
| Public note | View the OECD guidance... |
| 856 ## - ELECTRONIC LOCATION AND ACCESS | |
| Uniform Resource Identifier | <a href="https://www.oecd.org/scripts/biotech/">https://www.oecd.org/scripts/biotech/</a> |
| Public note | View the OECD guidance... |
| 942 ## - ADDED ENTRY ELEMENTS (KOHA) | |
| Suppress in OPAC | 0 |
| Withdrawn status | Lost status | Source of classification or shelving scheme | Damaged status | Not for loan | Home library | Current library | Shelving location | Date acquired | Total Checkouts | Full call number | Barcode | Date last seen | Copy number | Price effective from | Koha item type |
|---|---|---|---|---|---|---|---|---|---|---|---|---|---|---|---|
| Dewey Decimal Classification | London | London | Journal article | 17/06/2004 | X126494 | 126494-1001 | 06/08/2019 | 1 | 06/08/2019 | Journal article |